| 000 | 00637nam a22002057a 4500 | ||
|---|---|---|---|
| 003 | OSt | ||
| 005 | 20220114040009.0 | ||
| 008 | 170213b xxu||||| |||| 00| 0 eng d | ||
| 020 | _a0815341016) | ||
| 040 |
_aMMU _cMMJ _dMMU _beng |
||
| 050 | 0 | 0 | _aQR181.I397 2005 |
| 100 | _aJaneway, charles A | ||
| 245 | 0 | 0 |
_aImmunobiology : _bThe immune system in health and disease / _cCharles A. Janeway, Jr. .. [et al.]. |
| 250 | _a6th ed. | ||
| 260 |
_aNew York : _bGarland Science, _c2005. |
||
| 300 |
_axxiii, 823 p. : _bill. ; |
||
| 500 | _aIncludes bibliographical references and index. | ||
| 650 | 0 | _aImmuno biology | |
| 942 |
_2lcc _cLOAN LOAN |
||
| 999 |
_c22704 _d22704 |
||